00398 2200145 4500001002100000005001500021035002000036082000800056084001400064100003300078245007500111260004200186300001200228990001200240INLIS00000000000304020250919072535 a0010-0925000387 a200 a200 ABU t0 aAbudullah Bin Said Azzahrani1 aTinggalkan Sedih Kebahagiaan Menantimu /cAbudullah Bin Said Azzahrani aBandung :bIrsyad Baitus Salam,c2010 a256 hlm a0755595